000 00698nam a2200229 u 4500
005 20240912063859.0
008 170919s1994 ag r 000 0 spa d
020 _a9505818742
035 _aUPN01000220708
049 _aI
050 4 _aPZ78
_bU5.24
100 1 _aUhalde, Leticia,
_d1942-1991
_941860
245 1 3 _aLa discusión /
_cLeticia Uhalde, Raúl Fortín.
260 _aBuenos Aires :
_bColihue,
_c1994.
300 _a[12] p. :
_bprincipalmente il. col.
440 4 _aLos libros dibujados ;
_v14
650 4 _aCuentos infantiles argentinos
_97466
650 7 _aLibros ilustrados para niños
_2
_921365
700 1 _aFortín, Raúl,
_ecoaut.
905 _aInfantil
999 _c192807
_d192807